Ordinary equality : the fearless women and queer people who shaped the U.S. Constitution and the Equal Rights Amendment /

"We are all living through modern constitutional history in the making, and Ordinary Equality helps teach about the past, present, and future of the Equal Rights Amendment (ERA) through the lives of bold fearless women. Based on author Kate Kelly's acclaimed podcast of the same name, Ordin...

Full description

Bibliographic Details
Main Author: Kelly, Kate, 1980- (Author)
Other Authors: LaRue, Nicole (Illustrator)
Format: Book
Language:English
Published: Layton, Utah : Gibbs Smith, [2022]
Edition:First edition.
Subjects:

MARC

Tag First Indicator Second Indicator Subfields
LEADER 00000cam a2200000 i 4500
001 in00005620721
008 210528t20222022utua b 000 0ceng
005 20250319174804.7
010 |a  2021025788 
035 |a (OCoLC)on1256593261 
040 |a UPB/DLC  |b eng  |e rda  |c DLC  |d OCLCO  |d YDX  |d OCL  |d BDX  |d TOH  |d OCLCO  |d JBU  |d GZL  |d OCLCO  |d UUM  |d OCLCA  |d JTH  |d OQX  |d YDX  |d TCJ  |d UND  |d OCLCL  |d IG# 
020 |a 9781423658726  |q (hardcover) 
020 |a 1423658728  |q (hardcover) 
020 |z 9781423658733  |q (electronic publication) 
035 |a (OCoLC)1256593261 
042 |a pcc 
043 |a n-us--- 
050 0 0 |a HQ1412  |b .K45 2022 
082 0 0 |a 920.72  |2 23 
100 1 |a Kelly, Kate,  |d 1980-  |e author. 
245 1 0 |a Ordinary equality :  |b the fearless women and queer people who shaped the U.S. Constitution and the Equal Rights Amendment /  |c Kate Kelly ; art by Nicole LaRue. 
250 |a First edition. 
264 1 |a Layton, Utah :  |b Gibbs Smith,  |c [2022] 
264 4 |c ©2022 
300 |a xxiii, 231 pages :  |b illustrations ;  |c 24 cm 
336 |a text  |b txt  |2 rdacontent 
336 |a still image  |b sti  |2 rdacontent 
337 |a unmediated  |b n  |2 rdamedia 
338 |a volume  |b nc  |2 rdacarrier 
504 |a Includes bibliographical references. 
505 0 |a A note from the author -- Introduction: Centering women in history -- Molly Brant, Koñwatsi-tsiaiéñni, or Dagonwadonti: a better blueprint -- Abigail Adams: Mrs. President -- Phillis Wheatley: a genius in bondage -- Matilda Joslyn Gage: that word is liberty -- Crystal Eastman: the most dangerous woman in America -- Mary Church Terrell: lifting as we climb -- Alice Paul: ordinary equality -- Pauli Murray: Jane Crow -- Martha Wright Griffiths: mother of the ERA -- Patsy Takemoto Mink: first, but not last -- Barbara Jordan: we the people -- Pat Spearman: resurrection -- Conclusion: Future framers. 
520 |a "We are all living through modern constitutional history in the making, and Ordinary Equality helps teach about the past, present, and future of the Equal Rights Amendment (ERA) through the lives of bold fearless women. Based on author Kate Kelly's acclaimed podcast of the same name, Ordinary Equality recounts a story a century in the making-about how constitutional equality for women and Americans of all marginalized genders has been systematically undermined for the past 100-plus years, and the current movement to put it back on the table and get it across the finish line"--  |c Provided by publisher. 
650 0 |a Women  |z United States  |v Biography. 
650 0 |a Political activists  |z United States  |v Biography. 
650 0 |a Feminists  |z United States  |v Biography. 
650 0 |a Women's rights. 
650 2 |a Women's Rights 
650 6 |a Femmes  |z États-Unis  |v Biographies. 
650 6 |a Activistes  |z États-Unis  |v Biographies. 
650 6 |a Féministes  |z États-Unis  |v Biographies. 
650 6 |a Femmes  |x Droits. 
650 7 |a SOCIAL SCIENCE / Sociology / General.  |2 bisacsh 
650 7 |a Women's rights.  |2 fast  |0 (OCoLC)fst01178818 
650 7 |a Women.  |2 fast  |0 (OCoLC)fst01176568 
650 7 |a Political activists.  |2 fast  |0 (OCoLC)fst01069192 
650 7 |a Feminists.  |2 fast  |0 (OCoLC)fst00922831 
651 7 |a United States.  |2 fast  |0 (OCoLC)fst01204155 
655 2 |a Biography 
655 7 |a Biographies.  |2 fast  |0 (OCoLC)fst01919896 
655 7 |a Biographies.  |2 lcgft 
655 7 |a Biographies.  |2 rvmgf 
700 1 |a LaRue, Nicole.  |e illustrator. 
758 |i has work:  |a Ordinary equality (Text)  |1 https://id.oclc.org/worldcat/entity/E39PCFtDbCkP7D8xpbgXc7Dvf3  |4 https://id.oclc.org/worldcat/ontology/hasWork 
938 |a Ingram Library Services  |b INGR  |n in021634728 
938 |a Brodart  |b BROD  |n 130939692 
938 |a YBP Library Services  |b YANK  |n 17603644 
994 |a Z0  |b TXA 
948 |h HELD BY TXA - 402 OTHER HOLDINGS 
999 f f |s 32a25b36-5093-49db-8fee-5ce6d78a7c17  |i 4934aeb3-fe96-48bc-94a5-b2b3599cfa05  |t 0 
952 f f |p noncirc  |a Texas A&M University  |b College Station  |c Cushing Memorial Library & Archives  |d Cushing: Women & Gender Studies (Does not check out)  |t 0  |e HQ1412 .K45 2022  |h Library of Congress classification  |i unmediated -- volume  |m A14853340410 
998 f f |a HQ1412 .K45 2022  |t 0  |l Cushing: Women & Gender Studies (Does not check out)